| 000 | 00694cam a2200205 i 4500 | ||
|---|---|---|---|
| 020 | _a9781118458341 (pbk.) | ||
| 082 | 0 | 0 |
_a692.1 _bCHI _cN-1, P-89 |
| 100 | 1 |
_aChing, Francis D.K. _945374 |
|
| 245 | 1 | 0 |
_aBuilding construction illustrated / _cFrancis D.K. Ching. |
| 260 |
_aIndia _bCBS publishers _c1985 |
||
| 300 |
_a (various pagings) : _billustrations ; _c28 cm |
||
| 526 |
_a0 _b0 _c0 _d692_100000000000000_CHI |
||
| 526 |
_a0 _b0 _c0 _d692_100000000000000_CHI |
||
| 526 |
_a0 _b0 _c0 _d692_100000000000000_CHI |
||
| 650 | 0 | _aBuilding. | |
| 650 | 0 | _aHouse construction. | |
| 650 | 7 |
_aARCHITECTURE / Design, Drafting, Drawing & Presentation. _945375 |
|
| 650 | 7 |
_aNUST _96342 |
|
| 942 |
_2ddc _cBK |
||
| 999 |
_c548922 _d548922 |
||